| 000 | 00856cam a2200241 a 4500 | ||
|---|---|---|---|
| 001 | 000011784 | ||
| 005 | 20200929162550.0 | ||
| 008 | 761013s1970 sp a 001 0 spa | ||
| 040 |
_aDO-SdBNP _bspa _cIEN _dBNPHU |
||
| 082 |
_a401 _bF379i |
||
| 100 | 1 |
_aFerrater Mora, José, _d1912-1991 _927876 |
|
| 245 | 1 | 0 |
_aIndagaciones sobre el lenguaje / _cJosé Ferrater Mora. |
| 260 |
_aMadrid, (España) : _bAlianza Editorial, _c1970. |
||
| 300 |
_a225 p. : _bil. ; _c18 cm. |
||
| 490 | 1 |
_aLibro de bolsillo _v228 _aSección humanidades |
|
| 504 | _aIncluye referencias bibliográficas. | ||
| 650 | 4 |
_aFilosofía del lenguaje _911270 |
|
| 650 | 4 |
_aLenguaje y lenguas _xFilosofía _927877 |
|
| 650 | 4 |
_aSemántica (filosofía) _927878 |
|
| 830 | 0 |
_aLibro de bolsillo ; _v228 _pSección humanidades _927879 |
|
| 910 | _aCatalogación por copia / LC | ||
| 049 | _aBNGR | ||
| 999 |
_c11458 _d11458 |
||